| 000 | 00616nam a2200205Ia 4500 | ||
|---|---|---|---|
| 001 | dg61-28901 [d000003429] | ||
| 003 | IT-MiCISF | ||
| 008 | 161014s9999||||xx |||||||||||||| ||und|| | ||
| 040 |
_aIT-MiCISF _cIT-MiCISF |
||
| 041 | _ait | ||
| 100 | _aVignelli Guido | ||
| 245 | 0 |
_aIl video tentatore _bCome la tivù induce alla trasgressione |
|
| 250 | _a1a ed. | ||
| 260 |
_a Roma _bSOS ragazzi _c1998 |
||
| 300 | _app. 167 | ||
| 500 | _a / massmedia, società, televisione, pubblicità, violenza, sessualità, famiglia, morale / documento | ||
| 650 | _amass-media | ||
| 942 | _cBK | ||
| 957 | _71 | ||
| 999 |
_a28901 _bsi _g1 _c209164 _d209164 |
||